000 00549nam a2200217Ia 4500
008 150909s9999 xx 000 0 und d
041 _aEnglish
082 _a338.1
082 _bETI/ST
100 _aEtienne G
100 _eAuthor
245 _aStudies in Indian agricultural : the art of the possible
260 _aLondon
260 _bUniversity of California Press
260 _c1968
300 _a343 Pages
365 _aRs.114
650 _aAgrarian reforms
650 _aAgriculutral economics
942 _cBK
999 _c248838
_d248838